Elektronické obchodovanie a jeho vplyv na moderný marketing bakalárska práca

Salvato in:
Dettagli Bibliografici
Autore principale: Kadlec, Juraj
Ente Autore: Obchodná fakulta EU. Katedra informatiky obchodných firiem
Altri autori: Škvarčeková, Oľga
Natura: Libro
Lingua:slovacco
Pubblicazione: Bratislava 2010
Tags: Aggiungi Tag
Nessun Tag, puoi essere il primo ad aggiungerne!!

MARC

LEADER 00000nam$a2200000$$$4500
001 0134603
005 20240320074057.2
041 0 |a slo 
044 |a SK 
245 1 0 |a Elektronické obchodovanie a jeho vplyv na moderný marketing  |b bakalárska práca  |c Juraj Kadlec ; školiteľ: Oľga Škvarčeková 
264 1 |a Bratislava  |c 2010 
300 |a 45 s. 
100 1 |a Kadlec, Juraj 
700 1 |a Škvarčeková, Oľga 
710 2 |a Obchodná fakulta EU. Katedra informatiky obchodných firiem